Top 20 Countries by highest elevation - Statistics

General Stats
  • This quiz has been taken 655 times
  • The average score is 17 of 20
Answer Stats
Hint Answer % Correct
8848m China
98%
8848m Nepal
98%
8586m India
95%
6191m United States
93%
8611m Pakistan
92%
5642m Russia
92%
6893m Chile
91%
7570m Bhutan
89%
5959m Canada
89%
6960m Argentina
88%
6768m Peru
88%
7492m Afghanistan
83%
6542m Bolivia
81%
6267m Ecuador
76%
7495m Tajikistan
75%
5700m Colombia
73%
7010m Kazakhstan
71%
5892m Tanzania
70%
7439m Kyrgyzstan
64%
5881m Myanmar
57%
No matching quizzes found
Score Distribution
Percent of People with Each Score
Percentile by Number Answered
Your Score History
You have not taken this quiz